00751nam a2200181 a 450000100100000000500170001000800410002704000250006808200140009310000270010724000370013424500900017126000520026130000210031370000330033495201850036799900170055200003505920200930074058.0111024s1973 ag 000 0 spa d aDO-SdBNPbspacBNPHU axxxbL4891 aLefebvre, Henri94470510aLa fin de l' histoirelespañol13aLa violencia y el fin de la historia /cHenri Lefebvre ; traducción Alfredo Llanos. aBuenos Aires, Argentina :bSiglo Veinte,c1973. a235 p. ;c20 cm.1 aLlanos, Alfredo,etr.949911 001050718MOaGRbGRcCTd2011-10-24iLF1l0oxxx L489p35059-10r2020-06-25w2020-06-25y1zPerteneció a la biblioteca personal de Juan Isidro Jimenes- GrullónZNo se presta c34550d34550